Statistics for US State Flags with Two Colors

Click here to take the quiz!

General Stats

  • This quiz has been taken 145 times
  • The average score is 4 of 7

Answer Stats

State% Correct
Alabama
84%
Alaska
79%
New Mexico
68%
Indiana
57%
South Carolina
56%
Oregon
55%
Nebraska
38%

Score Distribution

Percentile by Number Answered

Percent of People with Each Score

Your Score History

You have not taken this quiz